[Event "Women's Speed Chess GP4"]
[Site "chess.com INT"]
[Date "2020.07.15"]
[Round "1.1"]
[White "Muzychuk, Anna"]
[Black "Munkhzul, Turmunkh"]
[Result "0-1"]
[WhiteTitle "GM"]
[BlackTitle "WIM"]
[WhiteElo "2535"]
[BlackElo "2278"]
[WhiteFideId "14111330"]
[BlackFideId "4901878"]
[EventDate "2020.07.15"]
[EventType "k.o. blitz"]

1. e4 c5 2. Nf3 d6 3. Bb5+ Nd7 4. O-O a6 5. Bxd7+ Bxd7 6. d4 cxd4 7. Qxd4 Nf6 8.
Bg5 e6 9. Nc3 Bc6 10. Nd5 exd5 11. exd5 Bd7 12. Rfe1+ Be7 13. Bxf6 gxf6 14. Qxf6
Rg8 15. Ng5 Be6 16. Qf3 Rxg5 17. dxe6 f6 18. Qxb7 Kf8 19. b3 d5 20. Rac1 Qc8 21.
Qb6 Qc5 22. Qb7 Qc8 23. Qb6 Bc5 24. Qa5 Ra7 25. Qd2 Rag7 26. g3 Qb8 27. Kg2 Qb4
28. c3 Qg4 29. Qd3 Rh5 30. Rh1 Qh3+ 31. Kg1 Rxg3+ 32. Qxg3 Rg5 0-1

[Event "Women's Speed Chess GP4"]
[Site "chess.com INT"]
[Date "2020.07.15"]
[Round "1.2"]
[White "Munkhzul, Turmunkh"]
[Black "Muzychuk, Anna"]
[Result "1-0"]
[WhiteTitle "WIM"]
[BlackTitle "GM"]
[WhiteElo "2278"]
[BlackElo "2535"]
[WhiteFideId "4901878"]
[BlackFideId "14111330"]
[EventDate "2020.07.15"]
[EventType "k.o. blitz"]

1. e4 c6 2. d4 d5 3. e5 c5 4. dxc5 e6 5. Be3 Nh6 6. Bxh6 gxh6 7. Nf3 Bxc5 8. Qd2
Qb6 9. c3 Nc6 10. Bd3 Bd7 11. Na3 O-O-O 12. Nb5 a6 13. Nbd4 Nxd4 14. Nxd4 Bxd4
15. cxd4 Qxd4 16. O-O Kb8 17. Qe3 Qb4 18. a3 Qb3 19. Be2 Qa4 20. b4 Rc8 21. Rfc1
Rxc1+ 22. Rxc1 Rc8 23. Rxc8+ Bxc8 24. Qc3 Bd7 25. Qc5 Qc6 26. Qxc6 Bxc6 27. f4
Kc7 28. Kf2 Bb5 29. Bh5 Be8 30. Ke3 b6 31. Kd4 Kd8 32. Be2 Bb5 33. Bd1 Ke7 34.
Bc2 Bf1 35. g3 Bb5 36. Bxh7 Bf1 37. Bc2 Be2 38. Bb3 Kd7 39. Ba4+ Bb5 40. Bd1 Bf1
41. Bh5 Ke7 42. f5 exf5 43. Kxd5 Bg2+ 44. Kd4 Bc6 45. Be2 Bb7 46. Bc4 Bc8 47.
Ke3 f6 48. Kf4 a5 49. bxa5 bxa5 50. Bd3 Bd7 51. Bxf5 Ba4 52. Bd3 Bd7 53. Bc4 Bc8
54. Be2 Bd7 55. g4 Bc8 56. h4 Bd7 57. exf6+ Kxf6 58. g5+ hxg5+ 59. hxg5+ Kg7 60.
Bd3 Kf7 61. Ke5 Kg7 62. Kd6 Be8 63. Kc5 Bf7 64. Kb5 Bg6 65. Bxg6 Kxg6 66. Kxa5
Kxg5 67. Kb6 1-0

[Event "Women's Speed Chess GP4"]
[Site "chess.com INT"]
[Date "2020.07.15"]
[Round "1.3"]
[White "Muzychuk, Anna"]
[Black "Munkhzul, Turmunkh"]
[Result "0-1"]
[WhiteTitle "GM"]
[BlackTitle "WIM"]
[WhiteElo "2535"]
[BlackElo "2278"]
[WhiteFideId "14111330"]
[BlackFideId "4901878"]
[EventDate "2020.07.15"]
[EventType "k.o. blitz"]

1. e4 c5 2. Nc3 Nc6 3. Nge2 Nf6 4. d4 cxd4 5. Nxd4 e5 6. Ndb5 d6 7. Bg5 a6 8.
Na3 b5 9. Bxf6 gxf6 10. Nd5 Be6 11. c3 Bg7 12. Nc2 f5 13. exf5 Bxf5 14. Nce3 Be6
15. Bd3 O-O 16. Bf5 Ne7 17. Nxe7+ Qxe7 18. Qd3 h6 19. O-O Rad8 20. a4 d5 21.
axb5 axb5 22. Bxe6 fxe6 23. Qxb5 d4 24. cxd4 exd4 25. Nc4 e5 26. Rad1 e4 27. Qb3
Kh8 28. Qg3 Qe6 29. b3 Rd5 30. Rfe1 Rg5 31. Qh4 Rg4 32. Qh3 Qg6 33. Re2 d3 34.
Ra2 Bd4 35. Ne3 Rg5 36. Kh1 Rg8 37. Qd7 Be5 38. Qh3 Rh5 0-1

[Event "Women's Speed Chess GP4"]
[Site "chess.com INT"]
[Date "2020.07.15"]
[Round "1.4"]
[White "Munkhzul, Turmunkh"]
[Black "Muzychuk, Anna"]
[Result "1/2-1/2"]
[WhiteTitle "WIM"]
[BlackTitle "GM"]
[WhiteElo "2278"]
[BlackElo "2535"]
[WhiteFideId "4901878"]
[BlackFideId "14111330"]
[EventDate "2020.07.15"]
[EventType "k.o. blitz"]

1. e4 c6 2. d4 d5 3. e5 c5 4. dxc5 e6 5. Be3 Nh6 6. Bxh6 gxh6 7. Nf3 Bxc5 8. Qd2
Nc6 9. c3 Qc7 10. b4 Bf8 11. Bb5 Bg7 12. Qe3 Bd7 13. Bxc6 bxc6 14. O-O O-O 15.
Nbd2 a5 16. a3 c5 17. Qxc5 Qxc5 18. bxc5 Rfc8 19. c4 dxc4 20. Nxc4 Rxc5 21. Nb6
Ra7 22. Nxd7 Rxd7 23. Rfc1 Rdc7 24. Rxc5 Rxc5 25. Kf1 Bxe5 26. Nxe5 Rxe5 27. Rc1
Kg7 28. Rc4 Rb5 29. g3 h5 30. Kg2 Kg6 31. h4 f5 32. f4 Rb2+ 33. Kh3 Rb3 34. Ra4
Rb5 35. Rc4 Kf6 36. Kg2 Rd5 37. Kh3 h6 38. Kg2 Rb5 39. Kh3 Rb3 40. Ra4 Rb5 41.
Rc4 Rb3 42. Ra4 Rb5 43. Rc4 1/2-1/2

[Event "Women's Speed Chess GP4"]
[Site "chess.com INT"]
[Date "2020.07.15"]
[Round "1.5"]
[White "Muzychuk, Anna"]
[Black "Munkhzul, Turmunkh"]
[Result "1-0"]
[WhiteTitle "GM"]
[BlackTitle "WIM"]
[WhiteElo "2535"]
[BlackElo "2278"]
[WhiteFideId "14111330"]
[BlackFideId "4901878"]
[EventDate "2020.07.15"]
[EventType "k.o. blitz"]

1. e4 c5 2. Nc3 Nc6 3. Nge2 Nf6 4. d4 cxd4 5. Nxd4 e5 6. Ndb5 d6 7. Bg5 a6 8.
Na3 b5 9. Bxf6 gxf6 10. Nd5 Bg7 11. g3 f5 12. Bg2 fxe4 13. Bxe4 O-O 14. O-O Be6
15. c3 Rc8 16. Nc2 Ne7 17. Ncb4 a5 18. Nxe7+ Qxe7 19. Nd5 Bxd5 20. Bxd5 Kh8 21.
a4 b4 22. cxb4 axb4 23. a5 Rc7 24. a6 Ra7 25. Qg4 f5 26. Qxb4 f4 27. Bb7 f3 28.
Qb6 Rxb7 29. axb7 Qe6 30. Ra3 e4 31. b8=Q Qh3 32. Qxf8+ Bxf8 33. Qd4+ Kg8 34.
Qd5+ Kg7 35. Ra7+ Kh8 36. Qd4+ Kg8 37. Qc4+ Kh8 38. Qc3+ Kg8 39. Qc4+ Kh8 40.
Rxh7+ Kxh7 41. Qxe4+ Kh8 42. Qxf3 Bg7 43. Re1 Qd7 44. Ra1 Kg8 45. Ra8+ Kh7 46.
Qh5+ Bh6 47. Rf8 1-0

[Event "Women's Speed Chess GP4"]
[Site "chess.com INT"]
[Date "2020.07.15"]
[Round "1.6"]
[White "Munkhzul, Turmunkh"]
[Black "Muzychuk, Anna"]
[Result "0-1"]
[WhiteTitle "WIM"]
[BlackTitle "GM"]
[WhiteElo "2278"]
[BlackElo "2535"]
[WhiteFideId "4901878"]
[BlackFideId "14111330"]
[EventDate "2020.07.15"]
[EventType "k.o. blitz"]

1. e4 c6 2. d4 d5 3. e5 c5 4. dxc5 e6 5. Be3 Nh6 6. Bxh6 gxh6 7. Nf3 Bxc5 8. Qd2
Nc6 9. c3 Qc7 10. Bb5 Bd7 11. Qe2 Bf8 12. O-O Bg7 13. Re1 O-O 14. Nbd2 Nxe5 15.
Nxe5 Bxb5 16. Qxb5 Bxe5 17. Nf3 Bg7 18. Rad1 Rac8 19. h3 a6 20. Qd3 Qc4 21. Qxc4
Rxc4 22. Ne5 Ra4 23. a3 Rc8 24. Re2 h5 25. Kf1 b5 26. g3 Rc7 27. Kg2 Bf6 28. h4
Kg7 29. Nd3 a5 30. Nf4 Kh6 31. Re3 Rac4 32. Rf3 Be5 33. Nd3 Bd6 34. Re3 b4 35.
axb4 axb4 36. cxb4 Bxb4 37. Nxb4 Rxb4 38. b3 Rc2 39. Rdd3 Rb2 40. Rf3 Kg6 41.
Rfe3 Rc2 42. Rf3 Re4 43. Kh2 Ree2 44. Kg2 Re4 45. Kh2 f5 46. Kg2 Kf6 47. Kh2 Ke7
48. Kg2 Kd6 49. Rd1 Rb2 50. Ra1 Ke5 51. Ra6 Rb4 52. Re3+ Re4 53. Rf3 Kf6 54. Rb6
h6 55. Rc3 d4 56. Rf3 Re5 57. Rd6 Rd5 58. Rb6 d3 59. Rc6 d2 60. g4 d1=Q 61. g5+
hxg5 62. hxg5+ Kxg5 63. Rg3+ Kf6 64. Rxe6+ Kxe6 0-1

[Event "Women's Speed Chess GP4"]
[Site "chess.com INT"]
[Date "2020.07.15"]
[Round "1.7"]
[White "Muzychuk, Anna"]
[Black "Munkhzul, Turmunkh"]
[Result "0-1"]
[WhiteTitle "GM"]
[BlackTitle "WIM"]
[WhiteElo "2535"]
[BlackElo "2278"]
[WhiteFideId "14111330"]
[BlackFideId "4901878"]
[EventDate "2020.07.15"]
[EventType "k.o. blitz"]

1. e4 c5 2. Nc3 Nc6 3. Nge2 Nf6 4. d4 cxd4 5. Nxd4 e5 6. Ndb5 d6 7. Bg5 a6 8.
Na3 b5 9. Bxf6 gxf6 10. Nd5 Bg7 11. g3 f5 12. Bg2 fxe4 13. Bxe4 O-O 14. O-O Be6
15. c3 Rc8 16. Nc2 f5 17. Bg2 Ne7 18. Ncb4 e4 19. a4 a5 20. Nxe7+ Qxe7 21. Nd5
Qb7 22. Nf4 Bc4 23. axb5 Qxb5 24. Qxd6 Rcd8 25. Qa3 Rd2 26. Qxa5 Qxa5 27. Rxa5
Bxf1 28. Bxf1 Rxb2 29. Ne6 Bxc3 30. Rd5 Rf6 31. Bc4 Rb4 32. Rd8+ Kf7 33. Bd5 Ke7
34. Rh8 Rxe6 35. Rxh7+ Kd6 36. Bxe6 Kxe6 37. Kg2 Bd4 38. g4 f4 39. Rh6+ Kf7 40.
Rh5 Rb2 41. Rf5+ Ke6 42. Rxf4 Ke5 43. Rf5+ Ke6 44. Rf4 Kd5 45. Rf5+ Kc4 46. h4
e3 47. h5 e2 0-1

[Event "Women's Speed Chess GP4"]
[Site "chess.com INT"]
[Date "2020.07.15"]
[Round "1.8"]
[White "Munkhzul, Turmunkh"]
[Black "Muzychuk, Anna"]
[Result "0-1"]
[WhiteTitle "WIM"]
[BlackTitle "GM"]
[WhiteElo "2278"]
[BlackElo "2535"]
[WhiteFideId "4901878"]
[BlackFideId "14111330"]
[EventDate "2020.07.15"]
[EventType "k.o. blitz"]

1. e4 g6 2. d4 Bg7 3. Nc3 d6 4. Nf3 a6 5. Be2 b5 6. a3 Bb7 7. O-O Nd7 8. Be3 Qc8
9. h3 c5 10. Qd2 cxd4 11. Bxd4 Ngf6 12. Bd3 O-O 13. Rfe1 Qc7 14. Rad1 e5 15. Be3
Nb6 16. Bxb6 Qxb6 17. Qe3 Qxe3 18. Rxe3 Rfd8 19. Bf1 Rac8 20. Ne1 Bh6 21. Re2
Kf8 22. g3 Ke7 23. Bg2 Bc6 24. Nd3 a5 25. Nc1 b4 26. axb4 axb4 27. Nd5+ Nxd5 28.
exd5 Bb5 29. Nd3 Rc7 30. f4 f6 31. fxe5 fxe5 32. Re4 Bxd3 33. cxd3 Rb8 34. Re2
b3 35. d4 Rc2 36. Rde1 Bg7 37. Be4 Rxe2 38. Rxe2 Rc8 39. Bd3 Kd8 40. Kf2 Rc1 41.
g4 Rd1 42. Bc4 Rxd4 43. Bxb3 Rb4 44. Bd1 Rb5 45. Rd2 Bh6 46. Rc2 Rxd5 47. Bf3
Rb5 48. Ke2 Bg7 49. Kd3 Rb4 50. Be4 Rb3+ 51. Kc4 Rxh3 52. Kd5 Kd7 53. b4 Rb3 54.
Ra2 Ke7 55. g5 Rxb4 56. Ra7+ Kf8 57. Ke6 Rb8 58. Bd5 Kg8 59. Kxd6+ Kh8 60. Be4
Rf8 61. Kd5 Rd8+ 62. Ke6 Kg8 63. Bd5 e4 64. Bxe4 Re8+ 65. Kd5 Re5+ 66. Kd6 Rxe4
67. Ra8+ Kf7 68. Kd5 Re5+ 69. Kd6 Rxg5 70. Ra7+ Kf6 71. Rb7 h5 72. Ra7 Bf8+ 73.
Kc6 h4 74. Rh7 Rh5 75. Rd7 h3 76. Rd8 Kg7 77. Rd7+ Kg8 0-1

[Event "Women's Speed Chess GP4"]
[Site "chess.com INT"]
[Date "2020.07.15"]
[Round "1.9"]
[White "Muzychuk, Anna"]
[Black "Munkhzul, Turmunkh"]
[Result "1-0"]
[WhiteTitle "GM"]
[BlackTitle "WIM"]
[WhiteElo "2535"]
[BlackElo "2278"]
[WhiteFideId "14111330"]
[BlackFideId "4901878"]
[EventDate "2020.07.15"]
[EventType "k.o. blitz"]

1. e4 c5 2. Nc3 Nc6 3. Nge2 Nf6 4. d4 cxd4 5. Nxd4 e5 6. Ndb5 d6 7. Bg5 a6 8.
Na3 b5 9. Bxf6 gxf6 10. Nd5 Bg7 11. Bd3 Be6 12. c3 f5 13. Nc2 f4 14. g3 fxg3 15.
hxg3 Ne7 16. Nce3 Rc8 17. a4 Rb8 18. axb5 axb5 19. Ra7 Nc6 20. Nc7+ Kf8 21.
Nxe6+ fxe6 22. Rxg7 Kxg7 23. Qg4+ Kf8 24. Qxe6 Qe7 25. Qh6+ Ke8 26. Nf5 Qf8 27.
Qe6+ Kd8 28. Nxd6 Qe7 29. Nf7+ Ke8 30. Qxe7+ Kxe7 31. Nxh8 Rxh8 32. Bxb5 Nd8 33.
Bc4 Nb7 34. Bd5 Nd6 35. Rh5 Kf6 36. Rh6+ Ke7 37. Re6+ Kd7 38. Rxe5 Rb8 39. b4
Rb6 40. Rh5 1-0

[Event "Women's Speed Chess GP4"]
[Site "chess.com INT"]
[Date "2020.07.15"]
[Round "1.10"]
[White "Munkhzul, Turmunkh"]
[Black "Muzychuk, Anna"]
[Result "0-1"]
[WhiteTitle "WIM"]
[BlackTitle "GM"]
[WhiteElo "2278"]
[BlackElo "2535"]
[WhiteFideId "4901878"]
[BlackFideId "14111330"]
[EventDate "2020.07.15"]
[EventType "k.o. blitz"]

1. e4 g6 2. d4 Bg7 3. Nc3 d6 4. Nf3 a6 5. Be2 b5 6. a3 Bb7 7. O-O Nd7 8. Be3 Qc8
9. Re1 c5 10. Qd2 cxd4 11. Nxd4 Ngf6 12. f3 O-O 13. Nb3 Qc7 14. Bf1 Rac8 15. Qf2
Ne5 16. Bb6 Qb8 17. Na5 Nfd7 18. Bd4 Ba8 19. Rad1 Rfd8 20. Nb3 Nc5 21. Nxc5 dxc5
22. Bxc5 Nc4 23. Bxc4 bxc4 24. Nd5 Bxd5 25. exd5 Qxb2 26. Bxe7 Rd7 27. d6 Qxa3
28. Kh1 Bf8 29. Ra1 Qb4 30. Rxa6 Bxe7 31. dxe7 Rxe7 32. Rxe7 Qxe7 33. Ra1 Qe5
34. Rd1 Re8 35. h3 Qc3 36. Kh2 Kg7 37. Rd2 Qe5+ 38. f4 Qe3 39. Qxe3 Rxe3 40. Kg1
Rc3 41. Kf2 h5 42. Ke2 h4 43. Kd1 Kf6 44. Rd5 Rg3 45. Rc5 Rxg2 46. Rxc4 Rg3 47.
Rd4 Rxh3 48. c4 Kf5 49. c5 Rc3 50. Rd5+ Kxf4 51. Kd2 Rc4 52. Kd3 Rc1 53. Kd2 Ra1
54. c6 Ra8 55. Rd7 f5 56. c7 Rc8 57. Ke2 g5 58. Kf2 Kg4 59. Kg2 f4 60. Kh2 h3
61. Re7 Ra8 62. Rd7 Ra2+ 63. Kg1 Rc2 64. Kh1 Kg3 65. Rd3+ f3 66. Rd2 Rc1+ 0-1

[Event "Women's Speed Chess GP4"]
[Site "chess.com INT"]
[Date "2020.07.15"]
[Round "1.1"]
[White "Abdumalik, Zhansaya"]
[Black "Cori T., Deysi"]
[Result "1-0"]
[WhiteTitle "IM"]
[BlackTitle "WGM"]
[WhiteElo "2478"]
[BlackElo "2388"]
[WhiteFideId "13703544"]
[BlackFideId "3801934"]
[EventDate "2020.07.15"]
[EventType "k.o. blitz"]

1. e4 e6 2. d4 d5 3. Nc3 Nf6 4. e5 Nfd7 5. f4 c5 6. Nf3 Nc6 7. Be3 b6 8. Qd2 Be7
9. Be2 O-O 10. O-O f5 11. exf6 Nxf6 12. Kh1 Ne4 13. Qe1 Qc7 14. Rd1 Bf6 15. Nb5
Qe7 16. c3 a6 17. Na3 Bb7 18. Nc2 Rac8 19. Bd3 cxd4 20. Ncxd4 b5 21. Nb3 Rfd8
22. Bb6 Rd6 23. Bg1 Nd8 24. Ne5 Nf7 25. Nxf7 Kxf7 26. Qe2 Qc7 27. Bd4 Rdd8 28.
Qe3 Qe7 29. Bb6 Re8 30. Bxe4 d4 31. Bxd4 1-0

[Event "Women's Speed Chess GP4"]
[Site "chess.com INT"]
[Date "2020.07.15"]
[Round "1.2"]
[White "Cori T., Deysi"]
[Black "Abdumalik, Zhansaya"]
[Result "1/2-1/2"]
[WhiteTitle "WGM"]
[BlackTitle "IM"]
[WhiteElo "2388"]
[BlackElo "2478"]
[WhiteFideId "3801934"]
[BlackFideId "13703544"]
[EventDate "2020.07.15"]
[EventType "k.o. blitz"]

1. Nf3 Nf6 2. e3 g6 3. b3 Bg7 4. Bb2 O-O 5. d4 d6 6. Nbd2 b6 7. g3 Bb7 8. Bg2
Nbd7 9. O-O c5 10. dxc5 Nxc5 11. Qe2 Rc8 12. c4 e5 13. Rad1 Qe7 14. Nb1 Nfe4 15.
Nc3 Nxc3 16. Bxc3 h6 17. Qb2 Be4 18. Ne1 Bxg2 19. Kxg2 Ne4 20. f3 Nxc3 21. Qxc3
e4 22. Qd2 exf3+ 23. Rxf3 Rcd8 24. Qd5 Qe5 25. Rd2 h5 26. h4 Bh6 27. Nc2 Qxd5
28. Rxd5 Rfe8 29. Rd3 a5 30. Nd4 Bg7 31. Nb5 Rd7 32. Rf2 Bh6 33. Kf3 Re6 34.
Rfd2 Rde7 35. Re2 Rf6+ 36. Kg2 Rfe6 37. Kf3 Rf6+ 38. Kg2 Rfe6 39. Kf3 1/2-1/2

[Event "Women's Speed Chess GP4"]
[Site "chess.com INT"]
[Date "2020.07.15"]
[Round "1.3"]
[White "Abdumalik, Zhansaya"]
[Black "Cori T., Deysi"]
[Result "1-0"]
[WhiteTitle "IM"]
[BlackTitle "WGM"]
[WhiteElo "2478"]
[BlackElo "2388"]
[WhiteFideId "13703544"]
[BlackFideId "3801934"]
[EventDate "2020.07.15"]
[EventType "k.o. blitz"]

1. e4 d5 2. exd5 Qxd5 3. Nc3 Qd6 4. Nf3 Nf6 5. g3 Nc6 6. Bg2 Bg4 7. h3 Bh5 8.
O-O O-O-O 9. d3 h6 10. Be3 a6 11. g4 Bg6 12. Nh4 Bh7 13. Qf3 e6 14. a4 Be7 15.
Nb5 axb5 16. axb5 Nd5 17. bxc6 bxc6 18. Qxf7 Kd7 19. Ng6 Bxg6 20. Qxg6 Rdf8 21.
Qe4 h5 22. gxh5 Rxh5 23. c4 Nxe3 24. fxe3 Rxf1+ 25. Rxf1 Rg5 26. Kh1 Bf6 27. b4
Ke7 28. c5 Qd5 29. Rf2 Qxe4 30. Bxe4 Kd7 31. Rg2 Rh5 32. Rg3 Be5 33. Rf3 Bf6 34.
Kg2 Rh8 35. Kf2 Rb8 36. d4 Rxb4 37. Kg2 Rb3 38. Kg3 Rb2 39. Kf4 Rb4 40. Rg3 Ke7
41. Kf3 Rb3 42. Rg2 Bxd4 43. Re2 Bxc5 44. Bxc6 Bd6 45. Be4 Be5 46. Rc2 1-0

[Event "Women's Speed Chess GP4"]
[Site "chess.com INT"]
[Date "2020.07.15"]
[Round "1.4"]
[White "Cori T., Deysi"]
[Black "Abdumalik, Zhansaya"]
[Result "1-0"]
[WhiteTitle "WGM"]
[BlackTitle "IM"]
[WhiteElo "2388"]
[BlackElo "2478"]
[WhiteFideId "3801934"]
[BlackFideId "13703544"]
[EventDate "2020.07.15"]
[EventType "k.o. blitz"]

1. Nf3 Nf6 2. d4 g6 3. g3 Bg7 4. Bg2 O-O 5. O-O d5 6. Ne5 a5 7. c4 c6 8. Nc3
dxc4 9. Nxc4 Be6 10. b3 a4 11. Bb2 Nbd7 12. Qd3 Nb6 13. Nxb6 Qxb6 14. Nxa4 Qc7
15. Nc3 Rfd8 16. Qc2 Qd7 17. Rfd1 Bh3 18. e4 Bxg2 19. Kxg2 h5 20. h4 b5 21. f3
Nh7 22. Ne2 g5 23. Rh1 g4 24. Rhf1 Nf6 25. Nf4 gxf3+ 26. Rxf3 e5 27. Nd3 Nxe4
28. Nxe5 Bxe5 29. Qxe4 Bxd4 30. Rd3 c5 31. Qf3 Qg4 32. Bxd4 cxd4 33. Rd2 Ra6 34.
Rad1 Rad6 35. Rd3 Kg7 36. Rf1 R8d7 37. Qxg4+ hxg4 38. Rf4 Rc7 39. Rxg4+ Kf6 40.
Rgxd4 Rc2+ 41. Kh3 Rxd4 42. Rxd4 Rxa2 43. Rd6+ Ke5 44. Rb6 1-0

[Event "Women's Speed Chess GP4"]
[Site "chess.com INT"]
[Date "2020.07.15"]
[Round "1.5"]
[White "Abdumalik, Zhansaya"]
[Black "Cori T., Deysi"]
[Result "0-1"]
[WhiteTitle "IM"]
[BlackTitle "WGM"]
[WhiteElo "2478"]
[BlackElo "2388"]
[WhiteFideId "13703544"]
[BlackFideId "3801934"]
[EventDate "2020.07.15"]
[EventType "k.o. blitz"]

1. e4 d5 2. exd5 Qxd5 3. Nc3 Qd6 4. Nf3 Nf6 5. g3 Nc6 6. Bg2 Bg4 7. h3 Bh5 8.
O-O h6 9. d3 g5 10. g4 Bg6 11. Be3 Bg7 12. Nb5 Qd7 13. Nbd4 Nxd4 14. Nxd4 Nd5
15. c3 e6 16. Qe2 O-O 17. Rad1 Rad8 18. Nb3 b6 19. d4 f5 20. Bc1 fxg4 21. Qxg4
Nf4 22. Rfe1 Nxg2 23. Qxg2 e5 24. Be3 Qf5 25. dxe5 Rxd1 26. Rxd1 Bh5 27. Nd4
Qxe5 28. Re1 c5 29. Bd2 Qd6 30. Qc6 Rd8 31. Qxd6 Rxd6 32. Nb3 a5 33. Be3 Bf7 34.
Nd2 Bxa2 35. Ne4 Re6 36. Ng3 Bb3 37. Re2 Rd6 38. Nf5 Rd1+ 39. Kh2 Be5+ 40. Kg2
Bd5+ 41. f3 Kf7 42. Nxh6+ Kg6 43. Ng4 Bc7 44. Rd2 Rxd2+ 45. Bxd2 a4 46. Ne3 Bb3
47. Kf2 Bf4 48. Ke2 b5 49. Be1 Bd6 50. Kd3 b4 51. cxb4 cxb4 52. Nc4 Bc5 53. Nd2
Bd1 54. Ne4 Be7 55. Kc4 Bxf3 56. Nd2 Bg2 57. Nb1 Bxh3 58. Bxb4 Be6+ 59. Kc3 Bf6+
60. Kc2 Bf5+ 61. Kc1 g4 62. Bd6 Kg5 63. Nc3 Kh4 64. Nxa4 g3 65. Bxg3+ Kxg3 66.
b4 Kf3 67. Kd2 Ke4 68. Nc5+ Kd4 69. Nb3+ Kc4 70. Na5+ Kxb4 71. Nc6+ Kc5 72. Na5
Kb5 73. Nb3 Kb4 74. Nd4 Bxd4 75. Ke2 Be5 76. Kf3 Kc3 77. Ke3 Kc4 78. Kf3 Kd4 79.
Kf2 Be4 0-1

[Event "Women's Speed Chess GP4"]
[Site "chess.com INT"]
[Date "2020.07.15"]
[Round "1.6"]
[White "Cori T., Deysi"]
[Black "Abdumalik, Zhansaya"]
[Result "1-0"]
[WhiteTitle "WGM"]
[BlackTitle "IM"]
[WhiteElo "2388"]
[BlackElo "2478"]
[WhiteFideId "3801934"]
[BlackFideId "13703544"]
[EventDate "2020.07.15"]
[EventType "k.o. blitz"]

1. d4 Nf6 2. Nf3 g6 3. g3 Bg7 4. Bg2 O-O 5. O-O d6 6. b3 c5 7. Bb2 cxd4 8. Nxd4
a6 9. c4 Re8 10. Nc3 e5 11. Nc2 Nc6 12. Ne3 Be6 13. Ned5 Nd7 14. e3 Rc8 15. Rc1
h5 16. h4 Bg4 17. Qd2 Nc5 18. b4 Nd7 19. Ne4 Nf8 20. c5 dxc5 21. bxc5 Re6 22. f3
Bf5 23. Nd6 Rxd6 24. cxd6 Qxd6 25. e4 Be6 26. Nf6+ 1-0

[Event "Women's Speed Chess GP4"]
[Site "chess.com INT"]
[Date "2020.07.15"]
[Round "1.7"]
[White "Abdumalik, Zhansaya"]
[Black "Cori T., Deysi"]
[Result "1-0"]
[WhiteTitle "IM"]
[BlackTitle "WGM"]
[WhiteElo "2478"]
[BlackElo "2388"]
[WhiteFideId "13703544"]
[BlackFideId "3801934"]
[EventDate "2020.07.15"]
[EventType "k.o. blitz"]

1. e4 d5 2. exd5 Qxd5 3. Nc3 Qd6 4. Nf3 Nf6 5. d4 a6 6. g3 Bg4 7. Bg2 Nc6 8. O-O
O-O-O 9. h3 Bh5 10. Bf4 Qb4 11. a3 Qxb2 12. Qe1 e6 13. Rb1 Qxc2 14. Ne5 Nd5 15.
Nxc6 Nxf4 16. Na7+ Kd7 17. gxf4 Bd6 18. Rxb7 Rb8 19. Bc6+ Ke7 20. Nd5+ 1-0

[Event "Women's Speed Chess GP4"]
[Site "chess.com INT"]
[Date "2020.07.15"]
[Round "1.8"]
[White "Cori T., Deysi"]
[Black "Abdumalik, Zhansaya"]
[Result "1/2-1/2"]
[WhiteTitle "WGM"]
[BlackTitle "IM"]
[WhiteElo "2388"]
[BlackElo "2478"]
[WhiteFideId "3801934"]
[BlackFideId "13703544"]
[EventDate "2020.07.15"]
[EventType "k.o. blitz"]

1. Nf3 Nf6 2. d4 g6 3. g3 Bg7 4. Bg2 b6 5. b3 Bb7 6. Bb2 O-O 7. O-O c5 8. dxc5
bxc5 9. c4 d6 10. Nc3 Nbd7 11. Qc2 a6 12. Rfd1 Ra7 13. e4 Qa8 14. Nd5 Bxd5 15.
exd5 a5 16. a4 Qb7 17. Re1 Nb8 18. Re2 Na6 19. Rae1 Nb4 20. Qd2 Rb8 21. h4 Qc7
22. Bc3 Rab7 23. Ng5 Qd8 24. Bf3 Qf8 25. Re3 h6 26. Nh3 Na6 27. Bd1 Nb4 28. Kg2
Qd8 29. Nf4 h5 30. Nh3 Ng4 31. Bxg4 hxg4 32. Ng5 Bxc3 33. Rxc3 Na6 34. Qf4 Qf8
35. Ree3 Qg7 36. Qxg4 Nb4 37. Qf4 Na2 38. Rc2 Nb4 39. Rce2 Qf6 40. Qxf6 exf6 41.
Ne4 Kg7 42. Nxd6 Rb6 43. Nb5 Na6 44. Re7 Rd8 45. Ra7 Nb4 46. Ree7 Rf8 47. d6 Nd3
48. f4 Nc1 49. d7 Rbb8 50. Nd6 Nxb3 51. Ne8+ Kh6 52. Nxf6 Nd4 53. Re8 Nc6 54.
Rxf8 Rxf8 55. Rc7 Nd8 56. Rxc5 Kg7 57. Rc8 Kxf6 58. c5 Ke7 59. c6 Kd6 60. c7
Kxd7 61. Rxd8+ Rxd8 62. cxd8=Q+ Kxd8 63. g4 Ke7 64. Kf3 Kf6 65. Ke4 Ke6 66. h5
gxh5 67. gxh5 Kf6 68. Kd5 Kg7 69. Kd6 Kh6 70. Ke7 Kxh5 71. Kxf7 Kg4 72. Ke6 Kxf4
73. Kd5 Kf5 74. Kc5 Ke5 75. Kb5 Kd6 76. Kb6 Kd7 77. Kb7 Kd6 78. Kb6 Kd7 79. Kxa5
Kc7 80. Kb5 Kb7 81. a5 Ka7 82. a6 1/2-1/2

[Event "Women's Speed Chess GP4"]
[Site "chess.com INT"]
[Date "2020.07.15"]
[Round "1.9"]
[White "Abdumalik, Zhansaya"]
[Black "Cori T., Deysi"]
[Result "1-0"]
[WhiteTitle "IM"]
[BlackTitle "WGM"]
[WhiteElo "2478"]
[BlackElo "2388"]
[WhiteFideId "13703544"]
[BlackFideId "3801934"]
[EventDate "2020.07.15"]
[EventType "k.o. blitz"]

1. e4 e6 2. d4 d5 3. Nd2 Nf6 4. e5 Nfd7 5. Bd3 c5 6. c3 Nc6 7. Ne2 Be7 8. O-O
O-O 9. f4 f5 10. Nf3 b6 11. Kh1 a5 12. Be3 Ba6 13. Rg1 cxd4 14. Nexd4 Nxd4 15.
Nxd4 Nc5 16. Bxa6 Rxa6 17. g4 b5 18. Nxb5 Ne4 19. Nd4 Bc5 20. Qf3 Rb6 21. Rg2
Rf7 22. Rag1 Kh8 23. gxf5 exf5 24. b4 axb4 25. cxb4 Bxd4 26. Bxd4 Rxb4 27. e6
Rxd4 28. exf7 g6 29. Qa3 Kg7 30. f8=Q+ Qxf8 31. Qa7+ 1-0

[Event "Women's Speed Chess GP4"]
[Site "chess.com INT"]
[Date "2020.07.15"]
[Round "1.10"]
[White "Cori T., Deysi"]
[Black "Abdumalik, Zhansaya"]
[Result "0-1"]
[WhiteTitle "WGM"]
[BlackTitle "IM"]
[WhiteElo "2388"]
[BlackElo "2478"]
[WhiteFideId "3801934"]
[BlackFideId "13703544"]
[EventDate "2020.07.15"]
[EventType "k.o. blitz"]

1. Nf3 Nf6 2. g3 g6 3. Bg2 Bg7 4. O-O O-O 5. d4 d5 6. b3 a5 7. a3 Bf5 8. Bb2 c6
9. Ne5 Nbd7 10. c4 dxc4 11. Nxc4 Re8 12. Nc3 Nb6 13. Nxb6 Qxb6 14. e4 Bg4 15.
Qc2 Be6 16. d5 cxd5 17. Nxd5 Nxd5 18. Bxg7 Ne3 19. Qb2 Nxf1 20. Bh6 f6 21. Bxf1
Qxb3 22. Qd4 Rad8 23. Qc5 Rd1 24. Rxd1 Qxd1 25. Qb5 Rd8 26. Qb6 Bh3 0-1